01953nam a2200301 a 4500001001000000005001700010008004100027041000800068044000800076084002000084100004500104245012900149260004100278300001700319500063600336500018800972500007301160500001001233546002401243650005201267650005601319650003401375650004501409700005201454700003701506700005801543740005001601BRCA_333120190320204228.0240309s1881----enk#---###---#000-0#eng-# aeng aenk a625b.K44c18811 aCervantes Saavedra, Miguel ded1547-161610aThe Ingenious Knight Don Quixote de la ManchacComposed by Miguel de Cervantes Saavedra. Dedicated to the Duke de Béjar... aLondresbC. Kegan Paul and Co.c1881 a3 v.c23 cm. aContenido : v.1. Primera parte. Dedicatoria del traductor. Biografía de Cervantes sobre esta y otras traducciones, sobre las notas y comentarios, sobre las mujeres cervantinas, sobre los libros de caballería, sobre los nombres propios. Dedicatoria y prólogo del autor. Notas al título. Notas al prólogo. Papel de los versos laudatorios. Notas a los versos. Notas después de cada capítulo. -- v.2. Texto. Segunda parte. Nota del traductor. Dedicatoria y prólogo de Cervantes. Aprobación de Márquez Torres. Notas al fin de cada capítulo. -- v.3. Texto. Notas después de cada capítulo. Poesía de G. Chaucer aEdición : A New Translation from the Originals of 1605 and 1608 by Alexander James Duffield with some of the Notes of J. Bowle, J. A. Pellicer, D. Clemencín and Other Commentators aEjemplar por completo igual al anterior [624]. Tela Lúdovik Osterc aQM487 aTexto en : inglés14aNovela españolayÉpoca clásica, 1500-170014aLiteratura españolayÉpoca clásica, 1500-170014aNovela españolaySiglo XVII14aDon Quijote (Personaje ficticio)eNovela1 aDuffield, Alexander Jamesd1821-1890eTraductor1 aBowle, Johnd1725-1788eAnotador1 aPellicer y Pilares, Juan Antoniod1738-1806eAnotador0 aEl Ingenioso Hidalgo Don Quijote de la Mancha